| 000 | 00688nam a22002057a 4500 | ||
|---|---|---|---|
| 999 |
_c11969 _d11969 |
||
| 003 | AR-CdUCM | ||
| 008 | 190401b ||||| |||| 00| 0 spa d | ||
| 040 |
_aMUNICIPALIDAD PROVINCIAL DEL CUSCO _cBIBLIOTECA MUNICIPAL DEL CUSCO |
||
| 082 |
_aES / 373.700 / _bH81 |
||
| 100 |
_aHoyos Peña, Julio _926736 |
||
| 245 | _aEducación Artística 1 / | ||
| 260 |
_aLima : _bUniverso. |
||
| 300 |
_a159 páginas ; _bimágenes. _c27cm. |
||
| 500 | _aEducación secundaria 1ro | ||
| 505 | _aContenido: Línea y dibujo -- El color -- Técnica a la aguada -- La música -- El sueño--- | ||
| 650 |
_aArte. _9561 |
||
| 650 |
_aEducación _9460 |
||
| 942 |
_2ddc _cLIBROS |
||
| 945 |
_anom _d2019-04-05 |
||